000 005810000a22001810004500
003 MACL
005 20160527163208.0
008 160527b xxu||||| |||| 00| 0 eng d
040 _aMACL
_cMACL
041 _aHindi
082 _a891.433 KRI
100 _aकृष्‍णानंद
_953246
245 _aकोशा
_bपाटलिपुत्र की राजनर्तकी
_cकृष्‍णानंद
260 _bप्रतिभा प्रकाशन
_c1998
_aपटना
350 _a150
650 _aNovel
_960350
942 _cHIN
_k800/KRI/N
_2ddc
999 _c9371
_d9371